[Event "World Blitz 2025"]
[Site "Doha QAT"]
[Date "2025.12.29"]
[Round "6.42"]
[White "Ponomariov, Ruslan"]
[Black "Karthik, Venkataraman"]
[Result "1-0"]
[WhiteTitle "GM"]
[BlackTitle "GM"]
[WhiteElo "2639"]
[BlackElo "2589"]
[WhiteFideId "14103320"]
[BlackFideId "25006479"]
[EventDate "2025.12.29"]

1. Nf3 d5 2. b3 Bg4 3. e3 Nd7 4. Bb2 e6 5. h3 Bh5 6. d3 h6 7. Nbd2 Ngf6 8. g4
Bg6 9. Rg1 a5 10. a3 a4 11. b4 c5 12. bxc5 Bxc5 13. h4 Qb6 14. Rb1 Qd6 15. h5
Bh7 16. g5 hxg5 17. Rxg5 Bxa3 18. Ba1 Kf8 19. Rxb7 Bf5 20. Nd4 Bh7 21. Qb1 Bc5
22. Qb5 Bg8 23. Be2 Rh6 24. f4 Bh7 25. N2f3 Rb8 26. Ne5 Rxb7 27. Qxb7 Nxe5 28.
fxe5 Qd7 29. Qa6 Ne8 30. Kd2 Bb4+ 31. Bc3 Bxc3+ 32. Kxc3 Qe7 33. Rg1 Qc5+ 34.
Kd2 Qb4+ 35. c3 Qb2+ 36. Nc2 Qb8 37. Qxa4 Qxe5 38. Rb1 Qc7 39. Qa3+ Qd6 40. Qa8
f5 41. Rb8 Qe7 42. Nd4 Bg8 43. Nc6 Qd7 44. Ne5 Qe7 45. Ng6+ Rxg6 46. hxg6 Qd7
47. d4 1-0

[Event "World Blitz 2025"]
[Site "Doha QAT"]
[Date "2025.12.29"]
[Round "6.43"]
[White "Shimanov, Aleksandr"]
[Black "Raja, Harshit"]
[Result "1-0"]
[WhiteTitle "GM"]
[BlackTitle "GM"]
[WhiteElo "2578"]
[BlackElo "2472"]
[WhiteFideId "4198603"]
[BlackFideId "5089000"]
[EventDate "2025.12.29"]

1. e4 c5 2. d4 cxd4 3. Qxd4 Nc6 4. Qd3 g6 5. Nc3 Bg7 6. Nf3 Nf6 7. Be2 O-O 8.
O-O b6 9. Nd5 Bb7 10. c3 Rc8 11. Bg5 h6 12. Nxf6+ exf6 13. Bh4 Re8 14. Rfe1 Na5
15. Bf1 Qe7 16. Nd2 d5 17. exd5 Qxe1 18. Rxe1 Rxe1 19. b4 f5 20. bxa5 Rxc3 21.
Qb5 Rc5 22. Qd7 Bxd5 23. Qxa7 Rxa5 24. Qxb6 Bc3 25. Bf6 Bxf6 26. Qxa5 Be6 27. a4
Kg7 28. Qb4 Ra1 29. a5 Bd8 30. Qd4+ Bf6 31. Qb6 Bc3 32. Qe3 Bf6 33. a6 Ra2 34.
g3 g5 35. Bc4 Ra1+ 36. Kg2 Bxc4 37. Nxc4 Rxa6 38. Qd3 f4 39. Nd6 fxg3 40. Qxa6 1-0

[Event "World Blitz 2025"]
[Site "Doha QAT"]
[Date "2025.12.29"]
[Round "6.44"]
[White "Vokhidov, Shamsiddin"]
[Black "Ahmad, Khagan"]
[Result "1-0"]
[WhiteTitle "GM"]
[BlackTitle "IM"]
[WhiteElo "2641"]
[BlackElo "2472"]
[WhiteFideId "14204223"]
[BlackFideId "13431552"]
[EventDate "2025.12.29"]

1. e4 c5 2. Nf3 d6 3. d4 cxd4 4. Nxd4 Nf6 5. Nc3 a6 6. Bd3 g6 7. f3 e5 8. Nb3
Be6 9. Bg5 Nbd7 10. Qd2 Qc7 11. O-O-O Be7 12. Kb1 b5 13. f4 exf4 14. Qxf4 b4 15.
Nd5 Bxd5 16. exd5 Nh5 17. Qe4 Ne5 18. Bxe7 Qxe7 19. Be2 Nf6 20. Qxb4 O-O 21.
Rhf1 a5 22. Qh4 Kg7 23. a4 Rfb8 24. Bb5 Rb6 25. Nd4 Nxd5 26. Nf5+ gxf5 27. Qg3+
Kh8 28. Rxd5 Qe6 29. Rd4 Rg8 30. Qf2 Rb7 31. g3 Rg5 32. Qd2 Rg4 33. Rxd6 Qe7 34.
Rxf5 Kg7 35. Qh6+ Kg8 36. Rxe5 1-0

[Event "World Blitz 2025"]
[Site "Doha QAT"]
[Date "2025.12.29"]
[Round "6.45"]
[White "Iniyan, Pa"]
[Black "Naiditsch, Arkadij"]
[Result "0-1"]
[WhiteTitle "GM"]
[BlackTitle "GM"]
[WhiteElo "2598"]
[BlackElo "2574"]
[WhiteFideId "25002767"]
[BlackFideId "4650891"]
[EventDate "2025.12.29"]

1. d4 Nf6 2. c4 g6 3. f3 Bg7 4. e4 d6 5. Ne2 O-O 6. Be3 Na6 7. Nbc3 c6 8. Qd2
Nc7 9. g4 b5 10. Ng3 bxc4 11. h4 e5 12. h5 exd4 13. Bxd4 Ne6 14. hxg6 Nxd4 15.
gxf7+ Rxf7 16. Qxd4 Nxe4 17. Qxe4 Re7 18. O-O-O Rxe4 19. Ncxe4 d5 20. Bxc4 Rb8
21. Rh2 Qa5 22. Rhd2 dxc4 23. Nh5 Be6 24. Nxg7 Kxg7 25. Nc3 Rf8 26. Rd6 Bd5 27.
Nxd5 cxd5 28. Rd7+ Rf7 29. R7xd5 Qxa2 30. Rg5+ Kf8 31. Rd8+ Ke7 32. Rgd5 Qa1+
33. Kc2 Qa4+ 34. Kc1 Rxf3 35. Rd1 Rf2 0-1

[Event "World Blitz 2025"]
[Site "Doha QAT"]
[Date "2025.12.29"]
[Round "6.46"]
[White "Klukin, Kirill"]
[Black "Kevlishvili, Robby"]
[Result "1/2-1/2"]
[WhiteTitle "IM"]
[BlackTitle "GM"]
[WhiteElo "2414"]
[BlackElo "2527"]
[WhiteFideId "24199273"]
[BlackFideId "1040634"]
[EventDate "2025.12.29"]

1. d4 d5 2. c4 e6 3. Nc3 Nf6 4. cxd5 exd5 5. Bg5 c6 6. e3 h6 7. Bh4 Be7 8. Bd3
O-O 9. f3 Re8 10. Nge2 c5 11. O-O cxd4 12. exd4 Nc6 13. Bf2 Bd6 14. Rc1 Be6 15.
Qd2 Qd7 16. Bg3 Bxg3 17. hxg3 Bf5 18. Rfe1 Bxd3 19. Qxd3 Re7 20. Kf2 Rae8 21.
Nf4 g5 22. Rxe7 Rxe7 23. Nfe2 Nb4 24. Qd2 Qf5 25. Kg1 h5 26. a3 Nc6 27. Qc2 Qxc2
28. Rxc2 Kg7 29. Kf2 Kg6 30. b4 Kf5 31. Na4 Ne8 32. Nc5 Nd8 33. Nc3 Nf6 34. Nb5
b6 35. Nd6+ Kg6 36. Nd3 Ne6 37. Ne5+ Kh7 38. Nf5 Rb7 39. Ke3 Ng7 40. Nd6 Re7 41.
Kd3 Kg8 42. Rc8+ Nge8 43. Nxe8 Rxe8 44. Rxe8+ Nxe8 45. Nc6 a6 46. Ne7+ Kg7 47.
Nxd5 b5 48. Nc3 Kf6 49. Ne4+ Kf5 50. Nc5 Nc7 51. Ne4 h4 52. Ke3 Nd5+ 53. Kf2 Nc7
54. g4+ Kg6 55. Nc5 f5 56. Nd3 fxg4 57. fxg4 Kf6 58. Nc5 Kf7 59. Kf3 Kf6 60. Ke4
Ne8 61. Nxa6 Nd6+ 62. Kd5 Nc4 63. Nc7 Ne3+ 64. Ke4 Nxg2 65. Kf3 Ne1+ 66. Kf2 h3
67. Kg3 h2 68. Kxh2 Nf3+ 69. Kg3 Nxd4 70. Kf2 Ke5 71. Kg3 Kd6 72. Ne8+ Ke5 73.
Nc7 Kd6 74. Ne8+ Kd5 75. Nf6+ Kc4 76. Ne4 Kb3 77. Nxg5 Kxa3 78. Ne4 Kxb4 79. Nd6
Ne6 80. Nxb5 1/2-1/2

[Event "World Blitz 2025"]
[Site "Doha QAT"]
[Date "2025.12.29"]
[Round "6.47"]
[White "Pantsulaia, Levan"]
[Black "Dau Khuong Duy"]
[Result "1-0"]
[WhiteTitle "GM"]
[BlackTitle "IM"]
[WhiteElo "2472"]
[BlackElo "2489"]
[WhiteFideId "13602071"]
[BlackFideId "12424722"]
[EventDate "2025.12.29"]

1. Nf3 Nf6 2. g3 g6 3. b3 Bg7 4. Bb2 O-O 5. Bg2 d6 6. d4 c6 7. O-O Bf5 8. c4
Nbd7 9. Nc3 Ne4 10. Nd2 Nxc3 11. Bxc3 Be6 12. Rc1 d5 13. e4 dxe4 14. Nxe4 Bf5
15. Re1 Bxe4 16. Bxe4 e6 17. h4 Nf6 18. Bf3 Qd7 19. Kg2 Rfd8 20. Qe2 h5 21. Red1
Qe8 22. Re1 Rd7 23. Qb2 Qd8 24. Rcd1 Ne8 25. Rd2 Nd6 26. Red1 Nf5 27. d5 Bxc3
28. Qxc3 cxd5 29. cxd5 exd5 30. Bxd5 Qb6 31. a4 a5 32. Qe5 Re7 33. Qf4 Rae8 34.
Bc4 Kg7 35. Rd6 Qc7 36. R6d5 Qxf4 37. gxf4 Re4 38. Rxa5 Rxf4 39. Rd7 Nxh4+ 40.
Kg3 g5 41. Rxg5+ Ng6 42. Rxg6+ 1-0

[Event "World Blitz 2025"]
[Site "Doha QAT"]
[Date "2025.12.29"]
[Round "6.48"]
[White "Muradli, Mahammad"]
[Black "Sklokin, Sergey"]
[Result "1-0"]
[WhiteTitle "GM"]
[BlackTitle "FM"]
[WhiteElo "2581"]
[BlackElo "2407"]
[WhiteFideId "13409301"]
[BlackFideId "55730230"]
[EventDate "2025.12.29"]

1. d4 d5 2. c4 e6 3. Nf3 Nf6 4. g3 Bb4+ 5. Bd2 Be7 6. Bg2 O-O 7. O-O c6 8. Bf4
Nbd7 9. Nbd2 b6 10. e4 Nxe4 11. Nxe4 dxe4 12. Ne5 Nxe5 13. dxe5 Qc7 14. Bxe4 Bb7
15. Qh5 g6 16. Qf3 Rab8 17. Rad1 Rfd8 18. h4 h5 19. g4 hxg4 20. Qxg4 c5 21. Bxg6
fxg6 22. Qxg6+ Kh8 23. Qh6+ Kg8 24. Qxe6+ Kh8 25. Qh6+ Kg8 26. e6 Bd6 27. Rxd6
Rxd6 28. Be5 Qh7 29. Qg5+ Kf8 30. Bxd6+ 1-0

[Event "World Blitz 2025"]
[Site "Doha QAT"]
[Date "2025.12.29"]
[Round "6.49"]
[White "Idani, Pouya"]
[Black "Gokerkan, Cem Kaan"]
[Result "1-0"]
[WhiteTitle "GM"]
[BlackTitle "GM"]
[WhiteElo "2611"]
[BlackElo "2510"]
[WhiteFideId "12510130"]
[BlackFideId "6336760"]
[EventDate "2025.12.29"]

1. e4 c5 2. Nf3 e6 3. c3 Nf6 4. e5 Nd5 5. a3 d6 6. d4 cxd4 7. c4 Nb6 8. exd6
Qxd6 9. Qxd4 Nc6 10. Qxd6 Bxd6 11. Be3 Be7 12. Nc3 Bf6 13. Rc1 O-O 14. b4 Bd7
15. Be2 Ne5 16. Nd2 Na4 17. Nde4 Be7 18. Nxa4 Bxa4 19. f4 Bc6 20. Nd2 Ng6 21.
O-O Rfd8 22. g3 a5 23. b5 Be8 24. c5 Rac8 25. Rfd1 Bf6 26. a4 Ne7 27. Ne4 Nd5
28. Nxf6+ gxf6 29. Kf2 Nxe3 30. Rxd8 Rxd8 31. Kxe3 Kf8 32. Bf3 Rb8 33. Rd1 Ke7
34. Rd6 Rc8 35. Kd4 e5+ 36. fxe5 fxe5+ 37. Kc4 Bd7 38. Bxb7 Rc7 39. Bd5 Bc8 40.
Rh6 Kd8 41. c6 1-0

[Event "World Blitz 2025"]
[Site "Doha QAT"]
[Date "2025.12.29"]
[Round "6.50"]
[White "Tabatabaei, M. Amin"]
[Black "Mamedov, Edgar"]
[Result "0-1"]
[WhiteTitle "GM"]
[BlackTitle "GM"]
[WhiteElo "2700"]
[BlackElo "2492"]
[WhiteFideId "12521213"]
[BlackFideId "13739980"]
[EventDate "2025.12.29"]

1. d4 d5 2. Nc3 Nf6 3. Bf4 e6 4. Nb5 Na6 5. e3 Be7 6. Nf3 O-O 7. h4 Ne4 8. Bd3
c6 9. Nc3 f5 10. Ne2 Nb4 11. a3 Nxd3+ 12. cxd3 Nf6 13. Ne5 Nd7 14. Ng1 Nxe5 15.
Bxe5 Qa5+ 16. Kf1 Qb5 17. Qe2 b6 18. Nf3 Ba6 19. Rd1 c5 20. Ng5 Bxg5 21. hxg5
Qe8 22. Qf3 Qg6 23. Qf4 c4 24. dxc4 Bxc4+ 25. Kg1 Rac8 26. g3 Be2 27. Re1 Bd3
28. Rh2 Rc2 29. Rd1 Be4 30. f3 Rxh2 31. Kxh2 Qh5+ 32. Kg2 Rc8 33. g4 Rc2+ 34.
Kg1 Qh3 35. Qg3 Qxg3+ 36. Bxg3 Bxf3 37. Rf1 fxg4 38. Rf2 Rc1+ 39. Rf1 Rc8 40.
Be5 Kf7 41. Kf2 Kg6 42. Kg3 Kxg5 43. Bf4+ Kf5 44. Rf2 g5 0-1

[Event "World Blitz 2025"]
[Site "Doha QAT"]
[Date "2025.12.29"]
[Round "6.51"]
[White "Raja, Rithvik R"]
[Black "Theodorou, Nikolas"]
[Result "1/2-1/2"]
[WhiteTitle "GM"]
[BlackTitle "GM"]
[WhiteElo "2541"]
[BlackElo "2652"]
[WhiteFideId "35007394"]
[BlackFideId "4262875"]
[EventDate "2025.12.29"]

1. Nf3 Nf6 2. g3 b6 3. Bg2 Bb7 4. O-O g6 5. c4 Bg7 6. Nc3 O-O 7. d4 Ne4 8. Bd2
e6 9. Rc1 d6 10. Be1 Nd7 11. Qc2 Nxc3 12. Bxc3 Qe7 13. e4 e5 14. Rfe1 Rfe8 15.
Rcd1 a6 16. b4 c5 17. bxc5 bxc5 18. d5 Bc8 19. Rb1 Rf8 20. Rb3 f5 21. exf5 gxf5
22. Nh4 e4 23. Bxg7 Qxg7 24. f4 exf3 25. Nxf3 Nf6 26. Rbe3 Ra7 27. Qc3 Rb7 28.
Nh4 Ng4 29. Qxg7+ Kxg7 30. Re7+ Rf7 31. Re8 Bd7 32. Ra8 Rb6 33. Nf3 h6 34. Bh3
Kf6 35. Ra7 Bc8 36. Ra8 Bd7 37. Ra7 Ba4 38. Re6+ Kg7 39. Rxf7+ Kxf7 40. Bxg4
fxg4 41. Ne5+ Kg7 42. Nxg4 Bc2 43. Re7+ Kf8 44. Ra7 h5 45. Nf6 Rb2 46. Rxa6 Ke7
47. Nxh5 Bd3 48. Ra7+ Kd8 49. Ra4 Be4 50. Nf4 Ke7 51. h4 Kf6 52. Ra6 Kf5 53.
Rxd6 Kg4 54. Re6 Kxg3 55. Nh5+ Kf3 56. Rf6+ Ke3 57. Nf4 Rxa2 58. d6 Ra1+ 59. Kh2
Rh1+ 60. Kg3 Rg1+ 61. Kh3 Rd1 62. Nd5+ Bxd5 63. cxd5 Rxd5 64. Kg4 c4 65. h5 c3
66. Rf3+ Kd2 67. h6 Rxd6 68. h7 Rh6 69. Rh3 Rxh3 70. Kxh3 c2 71. h8=Q c1=Q 72.
Qh6+ Kc2 73. Qxc1+ Kxc1 1/2-1/2

[Event "World Blitz 2025"]
[Site "Doha QAT"]
[Date "2025.12.29"]
[Round "6.52"]
[White "Stribuk, Artiom"]
[Black "Yakubboev, Nodirbek"]
[Result "1-0"]
[WhiteTitle "IM"]
[BlackTitle "GM"]
[WhiteElo "2476"]
[BlackElo "2691"]
[WhiteFideId "13515659"]
[BlackFideId "14203987"]
[EventDate "2025.12.29"]

1. c4 e5 2. g3 Nf6 3. Bg2 d5 4. cxd5 Nxd5 5. Nf3 Nc6 6. O-O Be7 7. Nc3 Nb6 8. b3
O-O 9. Bb2 Re8 10. Rc1 Bf5 11. d3 Rb8 12. Ne4 f6 13. Qc2 Rc8 14. Nc5 Nb4 15. Qb1
Bxc5 16. Rxc5 Na6 17. Rcc1 c6 18. a3 Qd7 19. Rfd1 c5 20. Nd2 Bh3 21. Bh1 Bg4 22.
Re1 Nd5 23. Ba1 b6 24. Qc2 Be6 25. Nc4 Nb8 26. e3 Nc6 27. Rb1 Red8 28. Red1 h5
29. Be4 h4 30. Re1 Nde7 31. f4 f5 32. Bxc6 Nxc6 33. Rbd1 exf4 34. gxf4 Qf7 35.
Kf2 b5 36. Rg1 bxc4 37. Rxg7+ Qxg7 38. Bxg7 Kxg7 39. bxc4 Kf7 40. Rg1 Rg8 41.
Qe2 Rxg1 42. Kxg1 Rh8 43. Kf2 Ne7 44. Qb2 Rg8 45. Qe5 h3 46. Qxc5 Rg2+ 47. Kf3
Ng6 48. e4 Nh4+ 49. Ke3 Rxh2 50. Qc7+ Kg6 51. Qe7 Ng2+ 52. Kf3 fxe4+ 53. dxe4
Ne1+ 54. Ke3 Bxc4 55. f5+ Kh5 56. Qh7+ Kg4 57. Qg7+ Kh4 58. Qh6+ Kg3 59. Qg5# 1-0

[Event "World Blitz 2025"]
[Site "Doha QAT"]
[Date "2025.12.29"]
[Round "6.53"]
[White "Nurgaliyev, Sauat"]
[Black "Adhiban, Baskaran"]
[Result "1/2-1/2"]
[WhiteTitle "IM"]
[BlackTitle "GM"]
[WhiteElo "2437"]
[BlackElo "2557"]
[WhiteFideId "13726285"]
[BlackFideId "5018471"]
[EventDate "2025.12.29"]

1. e4 c6 2. Nc3 d5 3. Nf3 g6 4. d4 Bg7 5. Bf4 Bg4 6. exd5 cxd5 7. Bxb8 Rxb8 8.
h3 Bxf3 9. Bb5+ Kf8 10. Qxf3 e6 11. Qf4 Rc8 12. O-O Qc7 13. Qxc7 Rxc7 14. Rfd1
Ne7 15. Bd3 Nf5 16. Nb5 Rc6 17. Nxa7 Rb6 18. Bxf5 gxf5 19. b3 Rb4 20. c3 Rb6 21.
Rab1 Ra6 22. Nb5 Rxa2 23. Ra1 Rxa1 24. Rxa1 Ke7 25. Ra7 Rb8 26. Kf1 Kd7 27. Ke2
Kc6 28. c4 Bf6 29. Kd3 h5 30. Ra2 f4 31. Nc3 1/2-1/2

[Event "World Blitz 2025"]
[Site "Doha QAT"]
[Date "2025.12.29"]
[Round "6.54"]
[White "Pranesh, M"]
[Black "Siddharth, Jagadeesh"]
[Result "1-0"]
[WhiteTitle "GM"]
[BlackTitle "GM"]
[WhiteElo "2627"]
[BlackElo "2489"]
[WhiteFideId "35028600"]
[BlackFideId "5818320"]
[EventDate "2025.12.29"]

1. e4 d6 2. d4 Nf6 3. Nc3 e5 4. Nge2 c6 5. h3 b5 6. a3 h5 7. f4 Nbd7 8. g3 a5 9.
Bg2 Ba6 10. b4 Be7 11. O-O O-O 12. Be3 Qc7 13. Kh1 Rad8 14. Qe1 Bb7 15. bxa5
Rfe8 16. fxe5 dxe5 17. d5 cxd5 18. exd5 Qxa5 19. Rb1 b4 20. axb4 Bxb4 21. Qf2
Ba8 22. Ra1 Qc7 23. Ra7 Qc4 24. Ra4 Nc5 25. Rxb4 Qxb4 26. Bxc5 Qc4 27. Be3 Rd7
28. Qf5 Red8 29. Bg5 Nxd5 30. Bxd8 Ne3 31. Qxd7 Bxg2+ 32. Kg1 Bxf1 33. Qe8+ Kh7
34. Qxe5 Qc6 35. Nf4 Qf3 36. Ne4 f6 37. Nxf6+ gxf6 38. Qe7+ Kg8 39. Qe8+ Kg7 40.
Qg6+ Kf8 41. Ne6# 1-0

[Event "World Blitz 2025"]
[Site "Doha QAT"]
[Date "2025.12.29"]
[Round "6.55"]
[White "Salinas Herrera, Pablo"]
[Black "Smirnov, Mark"]
[Result "0-1"]
[WhiteTitle "GM"]
[BlackTitle "FM"]
[WhiteElo "2473"]
[BlackElo "2420"]
[WhiteFideId "3407128"]
[BlackFideId "13764594"]
[EventDate "2025.12.29"]

1. e4 e5 2. Nf3 Nc6 3. Nc3 Nf6 4. Bb5 Bd6 5. O-O O-O 6. Bxc6 dxc6 7. d3 Nd7 8.
Ne2 a5 9. a4 Nc5 10. Be3 Re8 11. Kh1 Ne6 12. Nd2 c5 13. b3 Nd4 14. Nc4 Bf8 15.
Qd2 b6 16. Ng3 f6 17. f4 exf4 18. Bxf4 Be6 19. Be3 Qd7 20. Rf2 Rad8 21. Qc3 Bf7
22. Raf1 Kh8 23. Bc1 Be6 24. Bb2 Bd6 25. Nxd6 Qxd6 26. Qd2 Bf7 27. Bxd4 cxd4 28.
Nf5 Qc5 29. Qf4 Bg6 30. Nh4 Re5 31. Nf3 Re7 32. h3 Kg8 33. Nh4 Re5 34. Qg3 Rg5
35. Qh2 Qd6 36. Qg1 c6 37. Re2 b5 38. axb5 cxb5 39. Ra1 Qb6 40. Qe1 b4 41. e5
Re8 42. Nf3 Rf5 43. exf6 Rxe2 44. Qxe2 gxf6 45. Re1 Qc5 46. Qe6+ Kg7 47. Qd7+
Kh6 48. Qxd4 Qxd4 49. Nxd4 Rc5 50. Kh2 f5 51. Re6 Kg5 52. Kg3 f4+ 53. Kf2 Bh5
54. Ra6 Re5 55. Ra7 Kg6 56. Ra6+ Kg5 57. Ra7 Kg6 58. Rc7 Bd1 59. Rc6+ Kg5 60.
Rc7 Kg6 61. Rc8 h5 62. Rc6+ Kg5 63. Rc4 Rd5 64. Ne6+ Kf5 65. Nxf4 Re5 66. g3 Kg5
67. Rc5 Rxc5 68. Ne6+ Kf5 69. Nxc5 Bxc2 70. Ke3 Ke5 71. d4+ Kd5 72. g4 h4 73. g5
Bf5 74. Nb7 Bxh3 75. g6 Be6 76. Nd8 Bg8 77. Nf7 h3 78. Kf2 Kxd4 79. Nh6 Bxb3 80.
Kg3 a4 81. Nf5+ Ke5 82. Ne7 a3 83. Nc6+ Kd6 84. Nxb4 Kc5 85. Nd3+ Kd4 86. Nc1
Be6 87. g7 Ke3 88. Kh2 Kd2 0-1

[Event "World Blitz 2025"]
[Site "Doha QAT"]
[Date "2025.12.29"]
[Round "6.56"]
[White "Meng, Yihan"]
[Black "Bai, Jinshi"]
[Result "1/2-1/2"]
[WhiteTitle "IM"]
[BlackTitle "GM"]
[WhiteElo "2456"]
[BlackElo "2599"]
[WhiteFideId "8631891"]
[BlackFideId "8602280"]
[EventDate "2025.12.29"]

1. e4 c5 2. Nf3 Nc6 3. d4 cxd4 4. Nxd4 e6 5. Nc3 a6 6. Be3 Nf6 7. a3 e5 8. Nf3
Be7 9. h3 d6 10. Bc4 Be6 11. Qe2 Rc8 12. Nd2 O-O 13. O-O b5 14. Bb3 d5 15. exd5
Nxd5 16. Nxd5 Bxd5 17. Rad1 Bxb3 18. Nxb3 Qc7 19. c4 bxc4 20. Qxc4 Qb7 21. Qa4
h6 22. Nc5 Qxb2 23. Nd7 Rfe8 24. Nb6 Rc7 25. Nd5 Rcc8 26. Nb6 Rc7 27. Nd5 Rcc8
28. Nb6 1/2-1/2

[Event "World Blitz 2025"]
[Site "Doha QAT"]
[Date "2025.12.29"]
[Round "6.57"]
[White "Kadric, Denis"]
[Black "Martinez Alcantara, Jose Eduardo"]
[Result "0-1"]
[WhiteTitle "GM"]
[BlackTitle "GM"]
[WhiteElo "2543"]
[BlackElo "2667"]
[WhiteFideId "14403803"]
[BlackFideId "3805662"]
[EventDate "2025.12.29"]

1. e4 e5 2. Nf3 Nc6 3. Bc4 Bc5 4. c3 Nf6 5. d3 d6 6. O-O Bb6 7. Re1 h6 8. Nbd2
O-O 9. Nf1 Be6 10. Bb5 Ne7 11. Ng3 Ng6 12. d4 Bg4 13. Be3 Nh4 14. Be2 Bxf3 15.
Bxf3 Re8 16. Nh5 Nxf3+ 17. Qxf3 Nxh5 18. Qxh5 Qf6 19. Rad1 Qe6 20. a3 Re7 21. f4
exd4 22. Bxd4 Rae8 23. f5 Qf6 24. Qf3 Bxd4+ 25. cxd4 c5 26. dxc5 dxc5 27. Re2 c4
28. g3 b5 29. Kg2 a5 30. Rd5 Qc6 31. e5 b4 32. Rxa5 Qc7 33. axb4 Rxe5 34. Raxe5
Rxe5 35. Rxe5 Qxe5 36. Qc3 Qe2+ 37. Kg1 Qe4 38. f6 gxf6 39. Qxf6 Qe1+ 40. Kg2
Qxb4 41. Qc3 Qb7+ 42. Kf2 Qe4 43. b3 Qf5+ 44. Ke3 Qe6+ 45. Kd2 cxb3 46. Kc1 Qd5
47. h4 Kh7 48. Kb2 Kg6 49. Qe3 f6 50. g4 Qg2+ 51. Kxb3 Qxg4 52. Qe8+ Kh7 53.
Qe7+ Qg7 54. Qe4+ Qg6 55. Qe7+ Kg8 56. Qd8+ Kg7 57. Kc3 Qg3+ 58. Kd2 Qf4+ 59.
Ke2 Qe4+ 60. Kd2 Qf4+ 61. Ke2 Qg4+ 62. Kd2 h5 63. Qe7+ Kg6 64. Qe8+ Kf5 65. Qd7+
Ke5 66. Qe8+ Kf4 67. Qb8+ Kf3 68. Qb7+ Kg3 69. Qc7+ Qf4+ 0-1

[Event "World Blitz 2025"]
[Site "Doha QAT"]
[Date "2025.12.29"]
[Round "6.58"]
[White "Nesterov, Arseniy"]
[Black "Mamedyarov, Shakhriyar"]
[Result "1/2-1/2"]
[WhiteTitle "GM"]
[BlackTitle "GM"]
[WhiteElo "2595"]
[BlackElo "2730"]
[WhiteFideId "24198455"]
[BlackFideId "13401319"]
[EventDate "2025.12.29"]

1. d4 Nf6 2. c4 e6 3. Nf3 d5 4. Nc3 c6 5. e3 Bd6 6. Bd3 O-O 7. O-O Nbd7 8. b3 e5
9. cxd5 cxd5 10. Nb5 Bb8 11. dxe5 Nxe5 12. Nbd4 Nxf3+ 13. Nxf3 Bg4 14. Be2 Qd6
15. g3 Re8 16. Bb2 h5 17. Bxf6 Qxf6 18. Nd4 Bh3 19. Re1 g6 20. Bf3 Rd8 21. Bg2
Bg4 22. Bf3 Bh3 23. Bg2 Bd7 24. Qf3 Qxf3 25. Bxf3 Be6 26. e4 Be5 27. Nxe6 fxe6
28. Rad1 Bc3 29. Re2 d4 30. e5 Rab8 31. Be4 Kg7 32. Bd3 b5 33. Re4 Rf8 34. h4 a5
35. Kg2 a4 36. Rb1 a3 37. f4 b4 38. Kf3 Rbc8 39. Rc1 Bb2 40. Rc4 Rxc4 41. Bxc4
Kf7 42. Re2 Bc3 43. Ke4 Ke7 44. Rg2 Rc8 45. Bd3 Be1 46. Kxd4 Rc3 47. Bxg6 Bxg3
48. Bxh5 Bxf4 49. Rg7+ Kd8 50. Rb7 Be3+ 51. Ke4 Bc5 52. Bg4 Rc2 53. Rb5 Be7 54.
Bxe6 Rxa2 55. h5 Re2+ 56. Kd3 a2 57. Ra5 Rxe5 58. Ra8+ Kc7 59. Bc4 Bg5 60. Rxa2
Re3+ 61. Kd4 Rh3 62. Ra7+ Kd6 63. Rh7 Rh4+ 64. Kd3 Ke5 65. Rh8 Rh3+ 66. Ke2 Bf4
67. Re8+ Kd4 68. Rd8+ Ke4 69. Bd3+ Ke5 70. Re8+ Kd5 71. Bc4+ Kd4 72. Bf7 Re3+
73. Rxe3 Bxe3 74. Kf3 Bc1 75. Kg4 1/2-1/2

[Event "World Blitz 2025"]
[Site "Doha QAT"]
[Date "2025.12.29"]
[Round "6.59"]
[White "Erdogmus, Yagiz Kaan"]
[Black "Ivanchuk, Vasyl"]
[Result "1-0"]
[WhiteTitle "GM"]
[BlackTitle "GM"]
[WhiteElo "2658"]
[BlackElo "2607"]
[WhiteFideId "44599790"]
[BlackFideId "14100010"]
[EventDate "2025.12.29"]

1. e4 d5 2. exd5 Qxd5 3. Nc3 Qa5 4. d4 c6 5. Nf3 Nf6 6. Ne5 Be6 7. Bc4 Bxc4 8.
Nxc4 Qd8 9. Bg5 e6 10. Qd3 Be7 11. O-O-O O-O 12. h4 Nbd7 13. Qg3 Nb6 14. Ne5
Nbd5 15. Kb1 Nxc3+ 16. Qxc3 Qd5 17. Qe3 Rfe8 18. f3 Rad8 19. Qe2 Nd7 20. Bxe7
Rxe7 21. Nc4 Qb5 22. Qd3 Nb6 23. Ne5 Qxd3 24. Rxd3 f6 25. Ng4 Red7 26. Rhd1 Nd5
27. g3 h5 28. Nf2 Ne7 29. Ne4 Nf5 30. c3 b6 31. Kc2 Kf7 32. R1d2 Nd6 33. Nf2 Nf5
34. Ne4 Nd6 35. a4 a5 36. b3 Nf5 37. Rd1 e5 38. dxe5 Ne3+ 39. Rxe3 Rxd1 40. Nd6+
R8xd6 41. exd6 Rxd6 42. b4 Rd5 43. Kb3 g5 44. c4 Rd1 45. Kc2 Ra1 46. c5 bxc5 47.
b5 Rxa4 48. b6 c4 49. Re1 Ra2+ 50. Kc3 Ra3+ 51. Kxc4 Ra4+ 52. Kc5 Rb4 53. Ra1
Rb2 54. Kxc6 gxh4 55. gxh4 Ke6 56. Rxa5 f5 57. b7 1-0

[Event "World Blitz 2025"]
[Site "Doha QAT"]
[Date "2025.12.29"]
[Round "6.60"]
[White "Sasikiran, Krishnan"]
[Black "Dominguez Perez, Leinier"]
[Result "0-1"]
[WhiteTitle "GM"]
[BlackTitle "GM"]
[WhiteElo "2538"]
[BlackElo "2738"]
[WhiteFideId "5004985"]
[BlackFideId "3503240"]
[EventDate "2025.12.29"]

1. d4 d5 2. c4 dxc4 3. Nf3 Nf6 4. e3 e6 5. Bxc4 c5 6. O-O Be7 7. a3 O-O 8. Nc3
Nc6 9. dxc5 Qxd1 10. Rxd1 Bxc5 11. b4 Be7 12. Bb2 b6 13. Rac1 Bb7 14. Nb5 Rfd8
15. h3 a6 16. Nbd4 Nxd4 17. Bxd4 b5 18. Be2 Rac8 19. Ne5 Ne4 20. Bf3 f6 21. Nd3
e5 22. Rxc8 Rxc8 23. Bc5 Nxc5 24. Nxc5 Bxf3 25. gxf3 Bxc5 26. Rc1 Kf7 27. bxc5 0-1

[Event "World Blitz 2025"]
[Site "Doha QAT"]
[Date "2025.12.29"]
[Round "6.61"]
[White "Aravindh, Chithambaram VR."]
[Black "Tin, Jingyao"]
[Result "0-1"]
[WhiteTitle "GM"]
[BlackTitle "GM"]
[WhiteElo "2703"]
[BlackElo "2584"]
[WhiteFideId "5072786"]
[BlackFideId "5804418"]
[EventDate "2025.12.29"]

1. e4 e5 2. Nf3 Nc6 3. Nc3 Nf6 4. Bb5 Bd6 5. d3 a6 6. Bc4 h6 7. a3 Bc5 8. Bd5 d6
9. Bxc6+ bxc6 10. Be3 Bxe3 11. fxe3 O-O 12. Qd2 Rb8 13. b3 Be6 14. O-O c5 15. d4
cxd4 16. exd4 exd4 17. Nxd4 Bd7 18. Rf3 Qe7 19. Re1 Rfe8 20. h3 Qe5 21. Nf5 Bxf5
22. Rxf5 Qe6 23. Ref1 Nxe4 24. Nxe4 Qxe4 25. Rxf7 Re7 26. Rxe7 Qxe7 27. Qd5+ Kh8
28. Rf7 Qe3+ 29. Kh2 Re8 30. b4 Qc3 31. Qh5 c5 32. bxc5 dxc5 33. Rf5 Rc8 34. Qg4
Qxc2 35. Rf7 Rg8 36. Qf4 Qc3 37. a4 a5 38. Rc7 Qb4 39. Qe5 Qxa4 40. Rxc5 Qe8 41.
Qc7 a4 42. Ra5 Qe4 43. Ra7 Qd4 44. Qa5 Qf4+ 45. Kh1 Rc8 46. Ra8 Qf1+ 47. Kh2
Qf4+ 48. Kh1 Rxa8 49. Qxa8+ Kh7 50. Qa6 Qc1+ 51. Kh2 Qc7+ 52. Kh1 Qc2 53. Kh2
Qb3 54. Qa8 Qc4 55. Qa5 Qb3 56. Qf5+ Kh8 57. Qc8+ Qg8 58. Qa6 Qb8+ 59. Kh1 Qb1+
60. Kh2 Qc2 61. Kh1 Kh7 62. Kh2 Qb3 63. Qa8 Qc2 64. Qa5 Qe4 65. Kh1 Qd4 66. Qa8
Qa1+ 67. Kh2 Qe5+ 68. Kh1 Qe1+ 69. Kh2 Qb4 70. Qa6 a3 71. Qd3+ Kg8 72. Qd5+ Kf8
73. Qf5+ Ke7 74. Qe5+ Kd8 75. Qxg7 Qd6+ 76. Kh1 Qd1+ 77. Kh2 Qd6+ 78. Kh1 Kc8
79. Qa7 Qd1+ 80. Kh2 Qd6+ 81. Kh1 Qb4 82. Qa6+ Kc7 83. Qa7+ Kc6 84. Qa8+ Kc5 85.
Qf8+ Kc4 86. Qf7+ Kc3 87. Qf3+ Kc2 88. Qf5+ Kb2 89. Qf6+ Kb1 90. Qf1+ Ka2 91.
Qf7+ Ka1 92. Qf6+ Qb2 93. Qxh6 a2 94. Kh2 Qe5+ 95. Kh1 Qe1+ 96. Kh2 Qe5+ 97. Kh1
Qc3 98. Qb6 Qb2 99. Qc5 Kb1 100. Qf5+ Qc2 101. Qb5+ Kc1 102. Qg5+ Qd2 103. Qc5+
Kd1 104. Qh5+ Kc2 105. Qf5+ Qd3 106. Qc5+ Qc3 107. Qf2+ Kb1 108. Qb6+ Kc1 109.
Qg1+ 0-1